01109 2200337 4500001002100000005001500021035002000036007000300056008004100059020002200100082001400122084001600136100002700152245015700179250002400336300004300360650001000403700003000413700003400443700003600477700003000513264005400543336002100597337003000618338002300648040002200671090002200693850001200715999002200727990002200749INLIS00000000086042920210528113507 a0010-0521001010ta210528s2020 yoia g ind d a978-602-19675-9-104223a741.5 a741.5 HAR l0 aHari WibowoePengarang10aLiyangan :bsepenggal cerita dari balik kabut Sindoro /cHari Wibowo, Sugeng Riyanto, Bayu Indra Saputro; ilustrator, Damar Alif Pradipta, Moh Saifulloh aCetakan kedua, 2020 a50 halaman :bgambar berwarna ;c24 cm 4aKomik0 aSugeng RiyantoePengarang0 aBayu Indra SaputroePengarang0 aDamar Alif PradiptaeIlustrator0 aMoh SaifulloheIlustrator31aYogyakarta :bBalai Arkeologi Provinsi DIY,c2020 2rdacontentateks 2rdamediaatanpa perantara 2rdacarrieravolume aYOPDYOGbinderda aCB-D.11 2020-2729 aYOPDYOG aCB-D.11/2020-2729 aCB-D.11/2020-2729